000
00275nam a22001217a 4500
999
_c
12135
_d
12135
082
_a
938.05
100
_a
Ahmed Saleem
245
_a
Jis Dhaj say koi Maqtal ko Gaya
260
_a
Karachi
_b
Wahid Art Press
_c
2006
300
_a
439
650
_a
English Fiction
942
_c
BK